Pièces de monnaies européennes n°2 - Statistiques

Statistiques générales
  • Ce quiz a été pris 87 fois
  • Le résultat moyen est 9 sur 16
Statistiques - réponses
Descriptions des dos de pièces Valeurs des pièces Pays % Correct
Cathédrale de Saint-Jacques-de-Compostelle 1 centime Espagne
97%
Porte de Brandebourg 10 centimes Allemagne
91%
Roi Albert II 1 centime Belgique
90%
Reine Béatrix 50 centimes Pays Bas
78%
Dante Alighieri 2 euros Italie
71%
Corvette (bateau utilisé pour la guerre d'indépendance du pays recherché) 2 centimes Grèce
57%
Eglise de Santa Coloma 20 centimes Andorre
47%
Double croix sur une colline 2 euros Slovaquie
46%
Cygnes 1 euro Finlande
44%
Bateau de Kyrénia 10 centimes Chypre
43%
Carte (du pays recherché) 2 centimes Estonie
39%
Palais du belvédère 20 centimes Autriche
38%
Sceau du roi Alphonse Premier 50 centimes Portugal
38%
L'autel du temple mégalithique de Mnajdra 5 centimes Malte
33%
Jeune habitante du pays recherché 1 euro Lettonie
20%
Forteresse de Guaita 5 centimes Saint-Marin
20%
Aucun quiz correspondant
Distribution des résultats
% des personnes avec chaque résultat
Percentile par nombre de réponses
Votre historique - résultats
Vous n’avez pas pris ce quiz